Score 0/20 Timer 04:00
0 Plays Today
Hint Color % Correct
CHEAPPeach
96.8%
KNIPPink
95%
CALLILilac
94.1%
LATETeal
90.4%
SORERose
89.7%
QAAUAqua
89.3%
TOILEVViolet
89.1%
VILERSSilver
83.9%
DRUGBUNYBurgundy
83.6%
YERHRCCherry
79.3%
Hint Color % Correct
MANOLSSalmon
68.2%
RAZEUAzure
63.8%
UPATETaupe
57%
PECROPCopper
56.3%
ROAMONMaroon
54.9%
GREATNINETangerine
54.3%
TAMEGANMagenta
50.5%
LACEMCamel
43.8%
PROSEMINMPersimmon
25.4%
INSANESienna
20.4%
Remove Ads.
Support Sporcle.
Get the best of Sporcle when you Go Orange. This ad-free experience offers more features, more stats, and more fun while also helping to support Sporcle. Thank you for becoming a member.

You're not logged in!

Compare scores with friends on all Sporcle quizzes.
OR
Log In

Show Comments

Extras

Top Quizzes Today


Score Distribution

Your Account Isn't Verified!

In order to create a playlist on Sporcle, you need to verify the email address you used during registration. Go to your Sporcle Settings to finish the process.

Report this User

Report this user for behavior that violates our Community Guidelines.

Details: